<?xml version="1.0" encoding="UTF-8"?>
<collection xmlns="http://www.loc.gov/MARC21/slim">
    <record>
        <controlfield tag="001">69686</controlfield>
        <controlfield tag="005">20191122145053.0</controlfield>
        <datafield tag="024" ind1="7" ind2=" ">
            <subfield code="2">doi</subfield>
            <subfield code="a">10.1080/1828051X.2017.1415705</subfield>
        </datafield>
        <datafield tag="024" ind1="8" ind2=" ">
            <subfield code="2">sideral</subfield>
            <subfield code="a">105208</subfield>
        </datafield>
        <datafield tag="037" ind1=" " ind2=" ">
            <subfield code="a">ART-2018-105208</subfield>
        </datafield>
        <datafield tag="041" ind1=" " ind2=" ">
            <subfield code="a">eng</subfield>
        </datafield>
        <datafield tag="100" ind1=" " ind2=" ">
            <subfield code="0">(orcid)0000-0003-2827-3054</subfield>
            <subfield code="a">Abecia, J.A.</subfield>
            <subfield code="u">Universidad de Zaragoza</subfield>
        </datafield>
        <datafield tag="245" ind1=" " ind2=" ">
            <subfield code="a">Ewes giving birth to female lambs produce more milk than ewes giving birth to male lambs</subfield>
        </datafield>
        <datafield tag="260" ind1=" " ind2=" ">
            <subfield code="c">2018</subfield>
        </datafield>
        <datafield tag="506" ind1="0" ind2=" ">
            <subfield code="a">Access copy available to the general public</subfield>
            <subfield code="f">Unrestricted</subfield>
        </datafield>
        <datafield tag="520" ind1="3" ind2=" ">
            <subfield code="a">A total number of 23, 271 parturitions were studied from two sheep farms of the Churra (CH) and Lacaune (LA) breeds. CH lambs were kept with their mothers during the first 30 days of age; from that moment onwards, ewes were machine-milked. LA lambs were not allowed to suckle their mothers, and ewes were machine-milked from parturition. Milking length (ML), total milk yield (TMY) and daily milk yield (DMY) (TMY/ML) were calculated. For the CH breed, there was an effect (p¿&lt;¿.001) of prolificacy on ML, TMY and DMY and of offspring gender on TMY and DMY. For the LA breed, prolificacy and offspring gender had an effect (p¿&lt;¿.001) on ML, TMY and DMY. Ewes giving birth to twin lambs produced more milk (CH:¿+0.15¿l/d and¿+27.5¿l/ewe; LA:¿+0.15¿l/d and¿+11¿l/ewe), than ewes giving birth to single lambs. For single parturitions in the CH breed, ewes giving birth to females produced more milk (+0.04¿l/d and¿+5.2¿l/ewe) (p¿&lt;¿.0001) than ewes giving birth to males. In this breed, this effect of female offspring on milk production was similar for those ewes giving birth to twin lambs. In conclusion, ewes presenting twin parturitions produced more milk than single parturitions and the presence of female lambs had a positive effect on milk yield. These results open new possibilities to increase profitability of dairy sheep farms through a selection of the offspring gender.</subfield>
        </datafield>
        <datafield tag="540" ind1=" " ind2=" ">
            <subfield code="9">info:eu-repo/semantics/openAccess</subfield>
            <subfield code="a">by</subfield>
            <subfield code="u">http://creativecommons.org/licenses/by/3.0/es/</subfield>
        </datafield>
        <datafield tag="590" ind1=" " ind2=" ">
            <subfield code="a">1.265</subfield>
            <subfield code="b">2018</subfield>
        </datafield>
        <datafield tag="591" ind1=" " ind2=" ">
            <subfield code="a">VETERINARY SCIENCES</subfield>
            <subfield code="b">51 / 141 = 0.362</subfield>
            <subfield code="c">2018</subfield>
            <subfield code="d">Q2</subfield>
            <subfield code="e">T2</subfield>
        </datafield>
        <datafield tag="591" ind1=" " ind2=" ">
            <subfield code="a">AGRICULTURE, DAIRY &amp; ANIMAL SCIENCE</subfield>
            <subfield code="b">27 / 61 = 0.443</subfield>
            <subfield code="c">2018</subfield>
            <subfield code="d">Q2</subfield>
            <subfield code="e">T2</subfield>
        </datafield>
        <datafield tag="592" ind1=" " ind2=" ">
            <subfield code="a">0.467</subfield>
            <subfield code="b">2018</subfield>
        </datafield>
        <datafield tag="593" ind1=" " ind2=" ">
            <subfield code="a">Animal Science and Zoology</subfield>
            <subfield code="c">2018</subfield>
            <subfield code="d">Q2</subfield>
        </datafield>
        <datafield tag="655" ind1=" " ind2="4">
            <subfield code="a">info:eu-repo/semantics/article</subfield>
            <subfield code="v">info:eu-repo/semantics/publishedVersion</subfield>
        </datafield>
        <datafield tag="700" ind1=" " ind2=" ">
            <subfield code="a">Palacios, C.</subfield>
        </datafield>
        <datafield tag="710" ind1="2" ind2=" ">
            <subfield code="1">2008</subfield>
            <subfield code="2">700</subfield>
            <subfield code="a">Universidad de Zaragoza</subfield>
            <subfield code="b">Dpto. Produc.Animal Cienc.Ali.</subfield>
            <subfield code="c">Área Producción Animal</subfield>
        </datafield>
        <datafield tag="773" ind1=" " ind2=" ">
            <subfield code="g">17, 3 (2018), 736-739</subfield>
            <subfield code="p">Ital. J. Anim. Sci.</subfield>
            <subfield code="t">Italian Journal of Animal Science</subfield>
            <subfield code="x">1594-4077</subfield>
        </datafield>
        <datafield tag="856" ind1="4" ind2=" ">
            <subfield code="s">101650</subfield>
            <subfield code="u">http://zaguan.unizar.es/record/69686/files/texto_completo.pdf</subfield>
            <subfield code="y">Versión publicada</subfield>
        </datafield>
        <datafield tag="856" ind1="4" ind2=" ">
            <subfield code="s">118464</subfield>
            <subfield code="u">http://zaguan.unizar.es/record/69686/files/texto_completo.jpg?subformat=icon</subfield>
            <subfield code="x">icon</subfield>
            <subfield code="y">Versión publicada</subfield>
        </datafield>
        <datafield tag="909" ind1="C" ind2="O">
            <subfield code="o">oai:zaguan.unizar.es:69686</subfield>
            <subfield code="p">articulos</subfield>
            <subfield code="p">driver</subfield>
        </datafield>
        <datafield tag="951" ind1=" " ind2=" ">
            <subfield code="a">2019-11-22-14:43:58</subfield>
        </datafield>
        <datafield tag="980" ind1=" " ind2=" ">
            <subfield code="a">ARTICLE</subfield>
        </datafield>
    </record>

    
</collection>